90-Second Trivia Sprint #2 - Statistics

General Stats
  • This quiz has been taken 371 times
    273 since last reset
  • The average score is 11 of 21
Answer Stats
Hint Answer % Correct
21 x 30 630
92%
Director Spielberg Steven
89%
Snow White's fruit Apple
82%
Inches in a foot 12
78%
Winning word in chess Checkmate
76%
Actor Stallone Sylvester
73%
seperate's correct spelling Separate
67%
"Lone Star" state Texas
66%
The I in ROYGBIV Indigo
65%
France's president Emmanuel Macron
60%
Othello playwright Shakespeare
58%
Capital of Morocco Rabat
50%
Uluru country Australia
42%
Taj Mahal's city Agra
37%
Sri Lanka's currency Rupee
37%
Yo-Yo Ma's instrument Cello
30%
Actress Binoche Juliette
14%
Frühling, in English Spring
14%
9-Letter Element PLUTONIUM
13%
Aida composer Verdi
13%
Shadowfax, Silver, eg Horse
12%
No matching quizzes found
Score Distribution
Percent of People with Each Score
Percentile by Number Answered
Your Score History
You have not taken this quiz since the last reset